Greek Historical Figures by Picture - Statistics

General Stats
  • This quiz has been taken 21 times
  • The average score is 8 of 16
Answer Stats
Picture Answer % Correct
Mikis Theodorakis
81%
Aristotle Onassis
75%
Eleftherios Venizelos
75%
Theodoros Kolokotronis
75%
El Greco
63%
Ioannis Kapodistrias
63%
Andreas Papandreou
50%
Giorgos Seferis
50%
Ioannis Metaxas
50%
Konstantinos Kanaris
44%
Konstantinos Karamanlis
44%
Aris Velouchiotis
38%
Ioannis Ritsos
38%
Nikos Kazantzakis
38%
Alexandros Ipsilantis
31%
Napoleon Zervas
31%
No matching quizzes found
Score Distribution
Percent of People with Each Score
Percentile by Number Answered
Your Score History
You have not taken this quiz